000 00642nam a22001695i 4500
001 168872
003 ES-MaACL
005 20230906213920.0
008 080618s1925 fr |||| | fre d
080 _a782.089.6
100 1 _aLaparra, Raoul.
_9137996
245 1 3 _aLe joueur de viole [
_hmúsica impresa]
_b: conte lyrique en quatre actes divisés en cinq tableaux /
_cpoème et musique de Raoul Laparra.
260 _aParis :
_bHeugel,
_c[1925]
300 _a1 partitura vocal ( [14], 306 p.) ;
_c28 cm.
650 1 4 _aÓperas-
_xPartituras vocales.
_9137997
852 4 _aES-MaACL
_jL-29329
_9R.141082
_zBiblioteca Jacinto Martínez Lacalle
999 _c168872
_d168872